000 00838nam a22002537i 4500
001 IT\ICCU\RT1\0126500
003 ItRI
005 20260115232148.0
008 201031s2020 it |||||| ||||| |||||c
020 _a9788885621992
024 3 1 _a9788885621992
040 _bita
_cimportazione bologna sebina
041 7 _aita
_2ISO-639-2
082 _a741.5945
_9FUMETTI, ROMANZI A FUMETTI, FOTOROMANZI, VIGNETTE, CARICATURE, STRISCE A FUMETTI. Italia
_222
100 0 _aNicoz
_0IT\ICCU\LO1V\331200
_4aut
240 1 0 _aPlay with fire
_3IT\ICCU\RT1\1010046
_9Nicoz
245 1 0 _aPlay with fire /
_cNicoz Balboa.
260 _aMilano :
_bOblomov,
_c2020
300 _a201 p. :
_bfumetti ;
_c24 cm
500 _a Brossura
790 1 _aBalboa, Nicoz
_3IT\ICCU\SBNV\030077
_zNicoz
830 0 _aCrumb
_0IT\ICCU\MOD\1675204
942 _2ddc
_cBK
_n0
999 _c18122
_d18122